|
|
|
|
| LEADER |
01095cam a2200301Ia 4500 |
| 001 |
9780203507261 |
| 003 |
FlBoTFG |
| 005 |
20091230162923.0 |
| 006 |
a|||||s||||||||||| |
| 007 |
cr|||| |
| 008 |
040115s2005 flua s 000 0 eng d |
| 020 |
|
|
|a 9780203507261 (e-book : PDF)
|
| 040 |
|
|
|a FlBoTFG
|c FlBoTFG
|d GrThAP
|
| 090 |
|
|
|a HV8073
|b .G32 2005
|
| 092 |
|
|
|a 363.252
|b G228
|
| 100 |
1 |
|
|a Gardner, Ross M.
|
| 245 |
1 |
0 |
|a Practical crime scene processing and investigation
|h [electronic resource] /
|c Ross M. Gardner.
|
| 260 |
|
|
|a Boca Raton, Fla. :
|b CRC Press,
|c c2005.
|
| 300 |
|
|
|a xxiv, 391 p. :
|b ill. (some col.).
|
| 490 |
0 |
|
|a CRC series in practical aspects of criminal and forensic investigations
|
| 530 |
|
|
|a Also available in print edition.
|b CRC Press (http://www.crcpress.com)
|
| 538 |
|
|
|a Mode of access: World Wide Web.
|
| 650 |
|
0 |
|a Crime scene searches.
|
| 650 |
|
0 |
|a Criminal investigation.
|
| 650 |
|
0 |
|a Evidence, Criminal.
|
| 655 |
|
7 |
|a Electronic books.
|2 lcsh
|
| 776 |
1 |
|
|z 9780849320439
|
| 856 |
4 |
0 |
|u http://www.tandfebooks.com/isbn/9780203507261
|z Full Text via HEAL-Link
|